Statistics for Clubs By Most Points Scored for Galway Senior Football Team 2023

Click here to take the quiz!

General Stats

  • This quiz has been taken 3 times
  • The average score is 11 of 18

Answer Stats

ClubGPTTop Scorer% Correct
Kilmacud Crokes/Kilkerrin/Clonberne6152170Shane Walsh
100%
Annaghdown84468Damien Comer
67%
Bearna022Cian Hernon
67%
Claregalway033Jack Glynn
67%
Corofin12932Kieran Molloy
67%
Cortoon Shamrocks066Adrian Varley
67%
Killanin51834Johnny Heaney
67%
Monivea-Abbey12225Cillian McDaid
67%
Mountbellew/Moylough21521Paddy Kelly
67%
Moycullen75172Séan Kelly
67%
Oughterard75576Matthew Tierney
67%
Salthill Knocknacarra691109Robert Finnerty
67%
Spideal055Finian O Laoi
67%
St James'36170Paul Conroy
67%
St Michael's099Eamonn Brannigan
67%
Caherlistrane022Cein D'Arcy
33%
Kilconly158Niall Daly
33%
Tuam Stars044Gary O'Donnell
33%

Score Distribution

Percentile by Number Answered

Percent of People with Each Score

Your Score History

You have not taken this quiz